000 00835nam a2200217 a 4500
001 BRCA_1276
005 20190320203346.0
008 990308s1998 sw-a---##c---f001-0#eng-#
020 _a9171005625
050 4 _aNK995
_b.N35 1998
245 1 0 _aA Swedish Legacy
_bDecorative Arts, 1700-1960 : in the Collections of the Nationalmuseum, Stockholm
_ceditor Barbro Hovstadius ; with contributions from Micael Ernstell, Jan von Gerber.
260 _aLondres
_bScala Books
_cc1998
300 _a96 p.
_bil. (algunas a color)
_c28 cm.
500 _aIncluye indice alfabético
610 2 4 _aNationalmuseum (Sweden)
_vCatálogos
_94193
650 1 4 _aArtes decorativas
_vCatálogos
_zSweden - Stockholm
_94194
700 1 _aHovstadius, Barbro
_d1937-
_94195
700 1 _aErnstell, Micael
_94196
700 1 _aGerber, Jan von
_94197
942 _2lcc
_cB
999 _c1145
_d1145